Jackass main cast members - Statistics

General Stats
  • This quiz has been taken 777 times
    686 since last reset
  • The average score is 8 of 9
Answer Stats
Initials Member % Correct
JK Johnny Knoxville
98%
S Steve-O
96%
BM Bam Margera
95%
J "WM" A Jason "Wee Man" Acuña
95%
CP Chris Pontius
89%
RD Ryan Dunn (RIP)
87%
PL Preston Lacy
83%
DE Dave England
79%
EM Ehren McGhehey
65%
No matching quizzes found
Score Distribution
Percent of People with Each Score
Percentile by Number Answered
Your Score History
You have not taken this quiz since the last reset